Catalogue de livres anciens et modernes en partie relatifs a l'Auvergne composant la bibliothèque de M. H***. (Record no. 185146)

MARC details
000 -LEADER
campo de control de longitud fija 00594nam a2200145 i 4500
001 - NÚMERO DE CONTROL
campo de control 185146
003 - IDENTIFICADOR DE NÚMERO DE CONTROL
campo de control ES-MaACL
005 - FECHA Y HORA DE LA ÚLTIMA TRANSACCIÓN
campo de control 20230906222346.0
008 - DATOS DE LONGITUD FIJA--INFORMACIÓN GENERAL
campo de control de longitud fija 160329s1876 fr |||| | fre d
245 00 - MENCIÓN DEL TÍTULO
Título Catalogue de livres anciens et modernes en partie relatifs a l'Auvergne composant la bibliothèque de M. H***.
Resto del título : dont la vente aura lieu le jeudi 20 avril 1876... par le ministère de Maurice Delestre...
260 ## - PUBLICACIÓN, DISTRIBUCIÓN, ETC.
Lugar de publicación, distribución, etc. Paris :
Nombre del editor, distribuidor, etc. [s.n.,
Fecha de publicación, distribución, etc. 1876?] (
Fabricante Typ. Georges Chamerot)
300 ## - DESCRIPCIÓN FÍSICA
Extensión 8 p. ;
Dimensiones 23 cm.
650 04 - PUNTO DE ACCESO ADICIONAL DE MATERIA--TÉRMINO DE MATERIA
Término de materia o nombre geográfico como elemento de entrada Libros-
Subdivisión de forma Catálogos de subastas.
9 (RLIN) 14429
852 ## - LOCALIZACIÓN
Ubicación ES-MaACL
Número de control de estantería T-205-F-18
Holdings
Estatus retirado Estado de pérdida Estado de daño No para préstamo Colección Biblioteca de origen Biblioteca actual Ubicación en estantería Fecha de adquisición Fuente de adquisición Total de préstamos Signatura topográfica completa Código de barras Visto por última vez Precio de reemplazo Tipo de ítem Koha
        Colección de folletos Biblioteca del Ateneo de Madrid Biblioteca del Ateneo de Madrid Depósito folletos 29/03/2016     T-205-F-18 1195023 23/02/2023 23/02/2023 Folleto